Normal view MARC view
  • Yu, Hong-Lin

Entry Personal Name

Number of records used in: 1

001 - CONTROL NUMBER

  • control field: 128321

003 - CONTROL NUMBER IDENTIFIER

  • control field: NUST

005 - DATE AND TIME OF LATEST TRANSACTION

  • control field: 20250314115951.0

008 - FIXED-LENGTH DATA ELEMENTS

  • fixed length control field: 250314|| aca||aabn | a|a d

040 ## - CATALOGING SOURCE

  • Original cataloging agency: NUST
  • Transcribing agency: NUST

100 ## - HEADING--PERSONAL NAME

  • Personal name: Yu, Hong-Lin

670 ## - SOURCE DATA FOUND

  • Source citation: Work cat.: (NUST)0: Yu, Hong-Lin, author., Commercial arbitration :
© 2023 Central Library, National University of Sciences and Technology. All Rights Reserved.